000 00630nam a2200205Ia 4500
999 _c2329
_d2329
020 _a81-86562-75-3
082 _a331.70954 PAN-;
100 _aPanda, Damodar
245 0 _aLabour in unorganised sector: the devalued and the deprived
260 _aNew Delhi
_bManak Publications
_c1999
300 _axxiii, 316p.
504 _aIncludes bibliography and index
650 _aLabor - India
650 _aLabor policy - Labor policy
650 _aLabor unions - India
650 _aLabor laws and legislation - India
650 _aWages and labour productivity - India
650 _aIndia - Economic conditions
942 _cBK